Answers Contain "Rocky" - Statistics

General Stats
  • This quiz has been taken 124 times
    26 since last reset
  • The average score is 9 of 14
Answer Stats
Hint Answer % Correct
1976: Character portrayed by Sylvester Stallone Rocky Balboa
84%
Prominent landform of Western North America Rocky Mountains
84%
Mercury, Venus, Mars, Earth rocky planet
84%
Chocolate ice cream with nuts and marshmallows Rocky Road
84%
Movie featuring Ivan Drago Rocky IV
72%
1959–1964: Flying squirrel and moose Rocky and Bullwinkle
64%
1972 folk rock song by John Denver Rocky Mountain High
64%
Baseball team based in Denver Colorado Rockies
60%
1975 musical film with Tim Curry and Susan Sarandon Rocky Horror Picture Show
60%
Rapper in a relationship with Rihanna A$AP Rocky
56%
1968 Beatles track from the White Album Rocky Raccoon
56%
1923–1969: Undefeated heavyweight boxing champ Rocky Marciano
52%
Dish of bull testicles Rocky Mountain Oysters
48%
Bacterial disease spread by ticks Rocky Mountain spotted fever
20%
No matching quizzes found
Score Distribution
Percent of People with Each Score
Percentile by Number Answered
Your Score History
You have not taken this quiz since the last reset